|
|
|
|
| LEADER |
00000cam a22000004a 4500 |
| 001 |
musev2_16201 |
| 003 |
MdBmJHUP |
| 005 |
20230905041746.0 |
| 006 |
m o d |
| 007 |
cr||||||||nn|n |
| 008 |
911122s1991 quc o 00 0 fre d |
| 020 |
|
|
|a 9782760521490
|
| 020 |
|
|
|z 9782760506695
|
| 035 |
|
|
|a (OCoLC)431573053
|
| 040 |
|
|
|a MdBmJHUP
|c MdBmJHUP
|
| 100 |
1 |
|
|a Bertrand, Yves.
|
| 245 |
1 |
0 |
|a Culture organisationnelle /
|c Yves Bertrand.
|
| 264 |
|
1 |
|a Sillery [Que.] :
|b Presses de l'Universite du Quebec,
|c 1991.
|
| 264 |
|
3 |
|a Baltimore, Md. :
|b Project MUSE,
|c 2013
|
| 264 |
|
4 |
|c ©1991.
|
| 300 |
|
|
|a 1 online resource (224 pages).
|
| 336 |
|
|
|a text
|b txt
|2 rdacontent
|
| 337 |
|
|
|a computer
|b c
|2 rdamedia
|
| 338 |
|
|
|a online resource
|b cr
|2 rdacarrier
|
| 490 |
0 |
|
|a Collection Communication organisationnelle
|
| 500 |
|
|
|a Publ. en collab. avec: Tele-universite.
|
| 500 |
|
|
|a "Ce document est utilise dans le cadre du cours Culture organisationnelle (COM 5002) offert par la Tele-universite"--Verso de la p. de t.
|
| 588 |
|
|
|a Description based on print version record.
|
| 650 |
|
7 |
|a Culture d'entreprise.
|2 ram
|
| 650 |
|
7 |
|a Communication dans les organisations.
|2 ram
|
| 650 |
|
7 |
|a Sociologie des organisations.
|2 ram
|
| 650 |
|
7 |
|a Organizational behavior.
|2 fast
|0 (OCoLC)fst01047801
|
| 650 |
|
7 |
|a Corporate culture.
|2 fast
|0 (OCoLC)fst00879624
|
| 650 |
|
7 |
|a BUSINESS & ECONOMICS / General
|2 bisacsh
|
| 650 |
|
7 |
|a BUSINESS & ECONOMICS
|x Negotiating.
|2 bisacsh
|
| 650 |
|
6 |
|a Comportement organisationnel.
|
| 650 |
|
6 |
|a Culture d'entreprise.
|
| 650 |
|
2 |
|a Organizational Culture
|
| 650 |
|
0 |
|a Organizational behavior.
|
| 650 |
|
0 |
|a Corporate culture.
|
| 655 |
|
6 |
|a Livres electronique.
|
| 655 |
|
7 |
|a Electronic books.
|2 local
|
| 710 |
2 |
|
|a Universite du Quebec.
|b Tele-universite.
|
| 710 |
2 |
|
|a Project Muse.
|e distributor
|
| 830 |
|
0 |
|a Book collections on Project MUSE.
|
| 856 |
4 |
0 |
|z Texto completo
|u https://projectmuse.uam.elogim.com/book/16201/
|
| 945 |
|
|
|a Project MUSE - Custom Collection
|
| 945 |
|
|
|a Project MUSE - Archive Complete Supplement
|